| Tag |
First Indicator |
Second Indicator |
Subfields |
| LEADER |
00000cam a2200000 i 4500 |
| 001 |
in00004552697 |
| 003 |
OCoLC |
| 005 |
20220321161445.6 |
| 008 |
210402t20212021nyu j 000 1 eng d |
| 035 |
|
|
|a (OCoLC)1244545777
|
| 040 |
|
|
|a FSP
|e rda
|c FSP
|d BDX
|d LIV
|d MDR
|d JAS
|d TXG
|d ILC
|d EHH
|d NGU
|d YEQ
|d ORX
|d ACN
|d CHY
|d YXF
|d UAB
|d YDX
|
| 020 |
|
|
|a 9781250268099
|q hardcover
|
| 020 |
|
|
|a 1250268095
|q hardcover
|
| 043 |
|
|
|a n-us-id
|
| 050 |
|
4 |
|a PZ7.1.A5212
|b Wh 2021
|
| 082 |
0 |
|
|a 813/.6
|2 23
|
| 100 |
1 |
|
|a Anderson, Cory L.,
|e author.
|
| 245 |
1 |
0 |
|a What beauty there is /
|c Cory Anderson.
|
| 250 |
|
|
|a First edition.
|
| 264 |
|
1 |
|a New York :
|b Roaring Brook Press,
|c [2021].
|
| 264 |
|
4 |
|c ©2021.
|
| 300 |
|
|
|a 362 pages ;
|c 22 cm.
|
| 336 |
|
|
|a text
|b txt
|2 rdacontent
|
| 337 |
|
|
|a unmediated
|b n
|2 rdamedia
|
| 338 |
|
|
|a volume
|b nc
|2 rdacarrier
|
| 520 |
|
|
|a Jack Dahl has nothing left. Except his younger brother, Matty, who he'd do anything for. Even die for. Now with their mother gone, and their funds quickly dwindling, Jack needs to make a choice, lose his brother to foster care, or find the drug money that sent his father to prison. He chooses the money. Ava Bardem lives in isolation, a life of silence. For seventeen years her father has controlled her fate. He has taught her to love no one. Trust no one. Now her dad is stalking the same money as Jack. When he picks up Jack's trail, Ava must make her own wrenching choice, remain silent or help the brothers survive.
|
| 650 |
|
0 |
|a Brothers
|v Juvenile fiction.
|
| 650 |
|
0 |
|a Poor
|v Juvenile fiction.
|
| 651 |
|
0 |
|a Idaho
|v Juvenile fiction.
|
| 650 |
|
0 |
|a Survival
|v Juvenile fiction.
|
| 651 |
|
1 |
|a Idaho
|v Fiction.
|
| 650 |
|
1 |
|a Survival
|v Fiction.
|
| 650 |
|
1 |
|a Brothers
|v Fiction.
|
| 650 |
|
1 |
|a Poor
|v Fiction.
|
| 650 |
|
1 |
|a Coming of age
|v Fiction.
|
| 945 |
|
|
|b 182017
|
| 947 |
|
|
|a A14851667288
|
| 948 |
|
|
|a dmitchel 3/21/22 11.10.20
|
| 980 |
|
|
|b print
|c 40030895293
|g 565712
|k USD
|m 17.09
|q 1
|s AcqMono Conventional
|t Approval plan
|u Vendor order reference number
|v ZYBP
|y Print approval
|z Physical resource
|
| 999 |
f |
f |
|i c9aa124d-43cd-43da-8443-394401d3ce4e
|s 2d17382c-9a16-4a29-8d4f-1695879aacbc
|t 0
|
| 952 |
f |
f |
|p normal
|a Texas A&M University
|b College Station
|c Sterling C. Evans Library
|d Evans: Curriculum Collection (4th floor)
|t 0
|e PZ7.1.A5212 Wh 2021
|h Library of Congress classification
|i unmediated -- volume
|m A14851667288
|
| 998 |
f |
f |
|a PZ7.1.A5212 Wh 2021
|t 0
|l Evans: Curriculum Collection (4th floor)
|